000 00582nam a22001577a 4500
003 NUST
038 _aNusrat Nadeem
082 _a200
100 _aSaeed, Rida
_9130728
245 _aExploring the Dynamic Interplay of Well-Being and Ill-Being in Entrepreneurship: A Multiphase Analysis of The Entrepreneurial Process/
_cRida Saeed,
264 _aIslamabad:
_bNBS NUST.
_c2025.
650 _aMS- Innovation and Entrepreneurship
_9114384
700 _aSupervisor: Dr. Owais Anwar Golra
_9114398
856 _uhttp://10.250.8.41:8080/xmlui/handle/123456789/55283
942 _2ddc
_cSC
999 _c614910
_d614910